BTS SWIM - Lyrics - Statistiken

Allgemein
  • Dieses Quiz wurde 5 mal gespielt
  • Das Durchschnittsergebnis liegt bei 207 aus 369
Antwortstatistiken
Lyrics % Korrekt
Swim,
100%
swim
100%
Swim
100%
(Swim),
100%
(Swim)
100%
dive,
75%
dive
75%
I
75%
just
75%
love
75%
skin
75%
wanna
75%
Water
75%
Water,
75%
water
75%
a
50%
act,
50%
ain't
50%
all
50%
and
50%
at,
50%
baby,
50%
Baby,
50%
back,
50%
Bad
50%
bad
50%
bad,
50%
be,
50%
be
50%
begin
50%
begins
50%
can
50%
can't
50%
cold
50%
comin'
50%
could
50%
deep,
50%
deep
50%
Don't
50%
don't
50%
everything
50%
falling
50%
feel
50%
feet
50%
get
50%
gettin'
50%
girl
50%
girl?
50%
gone
50%
ground,
50%
hell
50%
high
50%
how
50%
I'm
50%
in
50%
is
50%
it
50%
know
50%
Let
50%
lifetime
50%
Lifetime
50%
like
50%
Lookin'
50%
lost
50%
mad
50%
me,
50%
me
50%
my
50%
never
50%
Nights
50%
off
50%
Oh,
50%
on
50%
only
50%
place
50%
run
50%
sad
50%
sad)
50%
sea
50%
So
50%
so
50%
(So
50%
spend
50%
Take
50%
take
50%
that
50%
the
50%
these,
50%
thing,
50%
think
50%
This
50%
this
50%
to
50%
Under
50%
watching
50%
waves
50%
we
50%
where
50%
with
50%
world,
50%
world
50%
Yeah
50%
Yeah,
50%
yeah,
50%
(Yeah)
50%
yeah
50%
you
50%
You
50%
your
50%
You're
50%
across
25%
away
25%
away?
25%
'bout
25%
breathe
25%
chase
25%
drift
25%
(Drift)
25%
drip
25%
(Drip)
25%
easy,
25%
even
25%
face
25%
fins
25%
fins)
25%
for
25%
from
25%
goody,
25%
goody
25%
gotta
25%
hard
25%
here
25%
here,
25%
holdin'
25%
land
25%
line
25%
make
25%
map,
25%
moon
25%
Name
25%
now
25%
ready
25%
Right
25%
Salt
25%
sharks
25%
she's
25%
shore,
25%
Sittin'
25%
Splash
25%
(Splash),
25%
still
25%
stunnin'
25%
tell
25%
time
25%
tongue,
25%
Turn
25%
two
25%
(Two
25%
up
25%
wake
25%
whole
25%
Why
25%
(Hey)
0%
(Woo),
0%
Keine übereinstimmenden Quizze gefunden
Verteilung der Resultate
Anzahl Personen mit jedem Resultat
Perzentil nach korrekt beantworteten Fragen
Ihre Resultats-Entwicklung
Sie haben dieses Quiz noch nicht gespielt